|
|
|
|
| LEADER |
01557nam a2200325 a 4500 |
| 001 |
3227252 |
| 008 |
100214r20091980nyua b 001 0 eng d |
| 010 |
|
|
|a 79022696
|
| 020 |
|
|
|a 978120306530
|
| 020 |
|
|
|a 0130764485
|
| 040 |
|
|
|a DLC
|c DLC
|d DLC
|d BD-DhAA
|
| 082 |
0 |
0 |
|a 610/.28
|
| 100 |
1 |
|
|a Cromwell, Leslie.
|
| 245 |
1 |
0 |
|a Biomedical instrumentation and measurements /
|c Leslie Cromwell, Fred J. Weibell, Erich A. Pfeiffer.
|
| 250 |
|
|
|a 2nd ed.
|
| 260 |
|
|
|a Englewood Cliffs, N.J. :
|b Prentice-Hall, ;
|a New D elhi :
|b PHI Learning Private Limited,
|c c1980.[Reprinted 2009]
|
| 300 |
|
|
|a xvi, 510 p. :
|b ill. ;
|c 24 cm.
|
| 504 |
|
|
|a Includes Bibliography (p. 481-492.) and idex.
|
| 541 |
1 |
|
|e 00019801
|
| 650 |
|
0 |
|a Biomedical engineering.
|
| 650 |
|
0 |
|a Medical instruments and apparatus.
|
| 650 |
|
0 |
|a Physiological apparatus.
|
| 650 |
|
2 |
|a Biomedical engineering
|x Instrumentation.
|
| 700 |
1 |
|
|a Weibell, Fred J.,
|e joint author.
|
| 700 |
1 |
|
|a Pfeiffer, Erich A.,
|e joint author.
|
| 852 |
4 |
|
|a Ayesha Abed Library
|j General shelf
|
| 999 |
|
|
|c 7508
|d 7508
|
| 952 |
|
|
|0 0
|1 0
|2 ddc
|4 0
|6 610_280000000000000_CRO_2009
|7 0
|9 8090
|a BRACUL
|b BRACUL
|c GEN
|d 2010-02-15
|l 0
|o 610.28 CRO
|p 3010019801
|r 2010-02-15
|t 1
|w 2010-02-15
|y BK
|
| 952 |
|
|
|0 0
|1 0
|2 ddc
|4 0
|6 610_280000000000000_CRO_2009
|7 0
|9 8091
|a BRACUL
|b BRACUL
|c GEN
|d 2010-02-15
|l 2
|m 6
|o 610.28 CRO
|p 3010019802
|r 2025-11-06
|s 2016-03-24
|t 2
|w 2010-02-15
|y BK
|
| 952 |
|
|
|0 0
|1 0
|2 ddc
|4 0
|6 610_280000000000000_CRO_2008
|7 0
|9 10716
|a BRACUL
|b BRACUL
|c GEN
|d 2010-06-08
|l 2
|o 610.28 CRO
|p 3010018646
|r 2011-09-21
|s 2011-05-29
|t 3
|w 2010-06-08
|y BK
|